Normal view
MARC view
Entry Personal Name
001 - CONTROL NUMBER
- control field: 784001
003 - CONTROL NUMBER IDENTIFIER
- control field: OSt
005 - DATE AND TIME OF LATEST TRANSACTION
- control field: 20250509142809.0
008 - FIXED-LENGTH DATA ELEMENTS
- fixed length control field: 250509|| aca||aabn | a|a d
040 ## - CATALOGING SOURCE
- Original cataloging agency: OSt
- Transcribing agency: OSt
100 ## - HEADING--PERSONAL NAME
- Personal name: ਝਾਂਜੀ, ਸੰਜੀਵ
670 ## - SOURCE DATA FOUND
- Source citation: Work cat.: (OSt)1400707: ਝਾਂਜੀ, ਸੰਜੀਵ , ਜਿੱਤ ਦੇ ਦੀਵੇ , 2024.
